[Event "USCL Week 6"]
[Site "Internet Chess Club"]
[Date "2015.09.30"]
[Round "?"]
[White "Banawa, Joel"]
[Black "Pruess, David"]
[Result "1-0"]
[WhiteElo "2496"]
[BlackElo "2416"]
[PlyCount "65"]
[EventDate "2015.??.??"]

1. d4 d5 2. Bf4 Nf6 3. e3 c5 4. c3 Qb6 5. Qb3 c4 6. Qc2 Nc6 7. Nd2 Bg4 8. h3
Bh5 9. Ngf3 Bg6 10. Qc1 e6 11. Be2 Qa5 12. O-O b5 13. a3 Be7 14. Re1 O-O 15.
Bd1 Ne4 16. Nxe4 Bxe4 17. Nd2 Bd3 18. e4 f5 19. exd5 exd5 20. Bc2 Bxc2 21. Qxc2
g5 22. Re6 Rac8 23. Bd6 Qd8 24. Bxe7 Nxe7 25. Rae1 Ng6 26. g3 Rb8 27. Nf3 Rb6
28. Rxb6 axb6 29. Re6 Kg7 30. Qe2 Rf7 31. Kf1 Nf8 32. Qe5+ Kg8 33. Rd6 1-0

[Event "USCL Week 6"]
[Site "Internet Chess Club"]
[Date "2015.09.30"]
[Round "?"]
[White "Kamberi, Sonny"]
[Black "Li, Ruifeng"]
[Result "1/2-1/2"]
[WhiteElo "2366"]
[BlackElo "2502"]
[PlyCount "78"]
[EventDate "2015.??.??"]

1. d4 Nf6 2. c4 g6 3. Nc3 Bg7 4. e4 d6 5. Nf3 O-O 6. Be2 e5 7. O-O Nbd7 8. Be3
Re8 9. d5 Nh5 10. b4 Nf4 11. c5 f5 12. Rc1 Nxe2+ 13. Nxe2 f4 14. Bd2 Nf8 15.
cxd6 cxd6 16. h3 a6 17. a4 Bd7 18. a5 h5 19. Nc3 Rc8 20. Na4 Rxc1 21. Bxc1 Nh7
22. Nb6 Bb5 23. Re1 g5 24. g4 fxg3 25. fxg3 Rf8 26. Be3 Qf6 27. Nd2 Qg6 28. Qc2
Nf6 29. Nc8 Nxd5 30. Qb3 Rxc8 31. Qxd5+ Kh7 32. Nf3 Bc6 33. Nxg5+ Qxg5 34. Bxg5
Bxd5 35. exd5 Rc3 36. Kf2 Rd3 37. Rc1 Rxd5 38. Rc7 Kg6 39. Rxb7 e4 1/2-1/2

[Event "USCL Week 6"]
[Site "Internet Chess Club"]
[Date "2015.09.30"]
[Round "?"]
[White "Djordjevic, Stevan"]
[Black "Gorovets, Andrey"]
[Result "0-1"]
[WhiteElo "2366"]
[BlackElo "2617"]
[PlyCount "108"]
[EventDate "2015.??.??"]

1. d4 d5 2. c4 e6 3. Nc3 c6 4. e3 Bd6 5. f4 Nf6 6. Nf3 c5 7. cxd5 exd5 8. Bb5+
Nc6 9. Ne5 Bd7 10. Bxc6 Bxc6 11. O-O O-O 12. Qb3 Qc7 13. Bd2 c4 14. Qc2 b5 15.
Rae1 b4 16. Nd1 Ne4 17. Nxc6 Qxc6 18. Nf2 Rfe8 19. Nxe4 Rxe4 20. Rf3 a5 21. Rc1
a4 22. Be1 f5 23. h3 Qd7 24. Ra1 Ree8 25. Qd1 Bf8 26. Rc1 a3 27. b3 Rac8 28.
Rb1 Qb5 29. Kh2 c3 30. Qc2 Re4 31. Bf2 Rce8 32. Rg1 Bd6 33. Kh1 Bc7 34. g4 fxg4
35. Rxg4 Bd8 36. Kg2 Bf6 37. Kh2 Bxd4 38. exd4 Qe2 39. Qxe2 Rxe2 40. Rg1 Rxa2
41. Kg3 Rb2 42. f5 Kf7 43. Be3 Rxb3 44. Bf4 a2 45. Ra1 Re2 46. Re3 Rxe3+ 47.
Bxe3 Rb2 48. Bg5 h6 49. Bh4 b3 50. Re1 Rb1 51. Re7+ Kf8 52. Rd7 a1=Q 53. Rd8+
Kf7 54. Rd7+ Kg8 0-1

[Event "USCL Week 6"]
[Site "Internet Chess Club"]
[Date "2015.09.30"]
[Round "?"]
[White "Torres, Luis"]
[Black "Watson, John"]
[Result "0-1"]
[WhiteElo "2353"]
[BlackElo "2340"]
[PlyCount "134"]
[EventDate "2015.??.??"]

1. d4 Nf6 2. c4 g6 3. Nc3 Bg7 4. e4 d6 5. Be2 O-O 6. Nf3 Na6 7. O-O e5 8. Be3
Ng4 9. Bg5 Qe8 10. dxe5 dxe5 11. h3 f6 12. Bd2 Nh6 13. Qc1 Nf7 14. Rb1 c6 15.
b4 Nc7 16. b5 Ne6 17. bxc6 bxc6 18. Be3 f5 19. Qa3 Nd4 20. Rfd1 fxe4 21. Nxd4
exd4 22. Bxd4 Bxd4 23. Rxd4 e3 24. Rf1 exf2+ 25. Rxf2 Bf5 26. Rdf4 Qe3 27. R4f3
Qd4 28. g4 Ng5 29. gxf5 Nxf3+ 30. Bxf3 Rxf5 31. Ne2 Qh4 32. Qe3 Raf8 33. Nd4
R5f7 34. Kg2 Re7 35. Qd2 Rd8 36. Nf5 Rxd2 37. Nxh4 Rd4 38. Kg3 Rxc4 39. Ng2 Kg7
40. Rd2 Rf7 41. Rd3 Rc2 42. a3 c5 43. Ne3 c4 44. Nxc2 cxd3 45. Ne3 Rc7 46. Kf4
Rc3 47. a4 Ra3 48. Bd1 Kf6 49. h4 d2 50. Ke4 h6 51. Kd4 h5 52. Ke4 g5 53. hxg5+
Kxg5 54. Nc4 Ra1 55. Ne3 h4 56. Kd3 h3 57. Kxd2 h2 58. Bf3 Rxa4 59. Ke2 Ra1 60.
Nf1 Ra2+ 61. Ke3 a5 62. Bd5 Rb2 63. Nd2 a4 64. Nc4 Rb4 65. Kd3 Kf4 66. Kc3 Rb3+
67. Kc2 Rf3 0-1

[Event "USCL Week 6"]
[Site "Internet Chess Club"]
[Date "2015.09.30"]
[Round "?"]
[White "Wheeler, Cameron"]
[Black "Barcenilla, Rogelio"]
[Result "1/2-1/2"]
[WhiteElo "2425"]
[BlackElo "2587"]
[PlyCount "144"]
[EventDate "2015.??.??"]

1. d4 g6 2. c4 Bg7 3. Nf3 Nf6 4. g3 O-O 5. Bg2 d5 6. cxd5 Nxd5 7. O-O c6 8. e4
Nb6 9. h3 Na6 10. Nc3 c5 11. d5 e6 12. Bg5 Qd7 13. Re1 h6 14. Bf4 g5 15. Bd2
Rd8 16. Qe2 Qe7 17. h4 exd5 18. exd5 Qxe2 19. Rxe2 g4 20. Nh2 Nb4 21. Bf4 Bf5
22. d6 Nd3 23. Bxb7 Rab8 24. Be4 Nxf4 25. gxf4 Bxe4 26. Nxe4 f5 27. Nxc5 Rxd6
28. Nf1 Nc4 29. Rc1 Nxb2 30. Ne3 Rf8 31. Rcc2 Bd4 32. Rxb2 Bxc5 33. Kg2 Rd4 34.
Rb5 Bb6 35. Nd5 Bd8 36. Ne7+ Bxe7 37. Rxe7 Rxf4 38. Rbb7 Rf6 39. Rg7+ Kf8 40.
Rh7 Kg8 41. Rbg7+ Kf8 42. Rxa7 Kg8 43. Rhg7+ Kh8 44. Rgb7 Kg8 45. Rb8+ Rf8 46.
Rb6 Rf7 47. Rg6+ Kh7 48. Raa6 Re7 49. Rxh6+ Kg7 50. Rhg6+ Kh7 51. Rgb6 Rf3 52.
h5 Rh3 53. Rh6+ Kg8 54. Raf6 Rf7 55. Rhg6+ Rg7 56. Rxf5 Rxg6 57. hxg6 Ra3 58.
Rg5 Kg7 59. Rxg4 Rxa2 60. Kg3 Ra6 61. Rg5 Ra3+ 62. Kg4 Ra1 63. f4 Ra4 64. Kg3
Ra3+ 65. Kh4 Ra1 66. Rg2 Kf6 67. f5 Rf1 68. Kh3 Rxf5 69. g7 Rh5+ 70. Kg4 Rg5+
71. Kf3 Rxg2 72. Kxg2 Kxg7 1/2-1/2

[Event "USCL Week 7"]
[Site "Internet Chess Club"]
[Date "2015.10.06"]
[Round "?"]
[White "Chandran, Kapil"]
[Black "Zaremba, Andrei"]
[Result "1-0"]
[WhiteElo "2420"]
[BlackElo "2418"]
[PlyCount "53"]
[EventDate "2015.??.??"]

1. d4 d5 2. c4 c6 3. Nf3 Nf6 4. Nc3 dxc4 5. a4 Bf5 6. Ne5 e6 7. f3 Bb4 8. e4
Bxe4 9. Nxf7 Kxf7 10. fxe4 Nxe4 11. Qh5+ g6 12. Qf3+ Nf6 13. Bd2 Qxd4 14. O-O-O
Qg4 15. Qe3 Nd5 16. Nxd5 Bxd2+ 17. Rxd2 cxd5 18. Rf2+ Ke8 19. Rf4 Qg5 20. Rf8+
Rxf8 21. Qxg5 Nc6 22. g3 Kd7 23. Bh3 Kd6 24. Re1 Rae8 25. Qe3 e5 26. Qa3+ Kc7
27. Qc5 1-0

[Event "USCL Week 7"]
[Site "Internet Chess Club"]
[Date "2015.10.06"]
[Round "?"]
[White "Studen, Damir"]
[Black "Pelaez, Jorge"]
[Result "0-1"]
[WhiteElo "2344"]
[BlackElo "2233"]
[PlyCount "72"]
[EventDate "2015.??.??"]

1. d4 d5 2. Nf3 c6 3. c4 e6 4. e3 f5 5. Ne5 Nf6 6. Bd3 Bd6 7. f4 O-O 8. c5 Bxe5
9. fxe5 Ne4 10. O-O b6 11. b4 a5 12. Bxe4 fxe4 13. Rxf8+ Qxf8 14. Ba3 bxc5 15.
bxc5 Ba6 16. Nc3 Nd7 17. Qg4 Qf7 18. h3 Bd3 19. Kh2 Nf8 20. Na4 Qf2 21. Nb6 Re8
22. Qg3 Qc2 23. Qe1 Ng6 24. Qc1 Qf2 25. Qe1 Qc2 26. Qc1 Qf2 27. Qe1 Rf8 28.
Qxf2 Rxf2 29. Kg3 Re2 30. Bc1 Ne7 31. Nd7 Nf5+ 32. Kh2 Nh4 33. Kg3 g5 34. Nf6+
Kf7 35. Kg4 Kg6 36. g3 Rg2 0-1

[Event "USCL Week 7"]
[Site "Internet Chess Club"]
[Date "2015.10.06"]
[Round "?"]
[White "Shi, Jason"]
[Black "Leon, Isaac"]
[Result "1-0"]
[WhiteElo "2249"]
[BlackElo "2278"]
[PlyCount "98"]
[EventDate "2015.??.??"]

1. d4 Nf6 2. c4 e6 3. g3 Be7 4. Bg2 O-O 5. Nf3 b6 6. Ne5 c6 7. O-O Bb7 8. Nc3
d6 9. Nf3 c5 10. d5 exd5 11. cxd5 b5 12. Nxb5 Bxd5 13. Bf4 Qb6 14. Nc3 Bb7 15.
Qc2 Nc6 16. Rad1 Rfd8 17. e4 Nb4 18. Qb1 c4 19. Ne1 h6 20. Be3 Qa5 21. e5 Nfd5
22. a3 Nd3 23. Bxd5 Bxd5 24. b4 cxb3 25. Nxd5 Qxd5 26. Rxd3 Qxe5 27. Rxb3 a5
28. Nd3 Qd5 29. Nf4 Qc6 30. Rc1 Qe8 31. Nd5 Rac8 32. Rb7 Bf8 33. Rxc8 Rxc8 34.
Qf5 Rb8 35. Qd7 Qxd7 36. Rxd7 Rb3 37. Rd8 f6 38. a4 Ra3 39. Nb6 Kf7 40. Ra8 Be7
41. Rxa5 Bd8 42. Ra7+ Ke6 43. a5 g5 44. Ra8 Be7 45. a6 f5 46. a7 Ra6 47. Nc8 f4
48. gxf4 gxf4 49. Bxf4 Ra5 1-0

[Event "USCL Week 7"]
[Site "Internet Chess Club"]
[Date "2015.10.06"]
[Round "?"]
[White "Bartell, Tom"]
[Black "Kudrin, Sergey"]
[Result "1-0"]
[WhiteElo "2483"]
[BlackElo "2586"]
[PlyCount "77"]
[EventDate "2015.??.??"]

1. d4 Nf6 2. c4 g6 3. f3 d5 4. cxd5 Nxd5 5. e4 Nb6 6. Nc3 Bg7 7. Be3 Nc6 8. d5
Ne5 9. Bd4 O-O 10. f4 Ng4 11. Bxg7 Kxg7 12. Be2 e5 13. Bxg4 Qh4+ 14. g3 Qxg4
15. Qxg4 Bxg4 16. h3 Bd7 17. O-O-O f6 18. Nf3 Rae8 19. h4 Nc4 20. Rde1 c5 21.
h5 Bg4 22. h6+ Kg8 23. Rhf1 Nd6 24. fxe5 fxe5 25. Ng5 b5 26. b3 Bd7 27. Nd1 b4
28. Ne3 Rc8 29. Kd2 c4 30. bxc4 Nxc4+ 31. Nxc4 Rxc4 32. Rxf8+ Kxf8 33. Nxh7+
Ke7 34. Ng5 Kf6 35. Rc1 Rxc1 36. Kxc1 a5 37. Nf3 Be8 38. Nxe5 g5 39. d6 1-0

[Event "USCL Week 7"]
[Site "Internet Chess Club"]
[Date "2015.10.06"]
[Round "?"]
[White "Times, Lawyer"]
[Black "Balleisen, Aaron"]
[Result "0-1"]
[WhiteElo "2239"]
[BlackElo "2282"]
[PlyCount "86"]
[EventDate "2015.??.??"]

1. d4 Nf6 2. Nf3 g6 3. g3 b6 4. Bg2 Bb7 5. O-O Bg7 6. c4 O-O 7. Nc3 Ne4 8. Nxe4
Bxe4 9. e3 d6 10. d5 Qc8 11. Nd4 Bxg2 12. Kxg2 c5 13. Nc2 Nd7 14. Rb1 a6 15. a4
b5 16. axb5 axb5 17. cxb5 Qb7 18. f3 f5 19. b4 c4 20. e4 Ra2 21. Re1 Ne5 22.
Re2 fxe4 23. fxe4 Nd3 24. Be3 e6 25. Nd4 Bxd4 26. Bxd4 Rxe2+ 27. Qxe2 exd5 28.
Qg4 Qf7 29. Qe2 dxe4 30. Qxe4 Re8 31. Qc6 Ne1+ 32. Kh1 Qf1+ 33. Bg1 Qf7 34. Rd1
c3 35. Rxd6 c2 36. Rd7 c1=Q 37. Rxf7 Qxc6+ 38. bxc6 Kxf7 39. b5 Ke6 40. Bc5 Kd5
41. Ba3 Nc2 42. c7 Nxa3 43. b6 Kc6 0-1

[Event "USCL Week 7"]
[Site "Internet Chess Club"]
[Date "2015.10.06"]
[Round "?"]
[White "Francisco, Richard"]
[Black "Becerra, Julio"]
[Result "0-1"]
[WhiteElo "2391"]
[BlackElo "2616"]
[PlyCount "64"]
[EventDate "2015.??.??"]

1. e4 c5 2. Nf3 Nc6 3. Bb5 g6 4. Bxc6 bxc6 5. O-O Bg7 6. Re1 Nh6 7. Nc3 e5 8.
d3 d6 9. h3 O-O 10. a3 a5 11. Rb1 Rb8 12. Ne2 f5 13. Bg5 Qc7 14. Qc1 Nf7 15.
exf5 gxf5 16. Ng3 f4 17. Ne4 Nh8 18. c3 h6 19. Bh4 Ng6 20. b3 d5 21. Nxc5 Nxh4
22. Nxh4 Qe7 23. Ng6 Qg5 24. Nxf8 Bxh3 25. g3 Rxf8 26. Rb2 Qh5 27. f3 fxg3 28.
d4 Qxf3 29. dxe5 g2 30. Kh2 Qh5 31. Qe3 Rf1 32. Rxg2 Bg4+ 0-1

[Event "USCL Week 7"]
[Site "Internet Chess Club"]
[Date "2015.10.06"]
[Round "?"]
[White "Bozkurt, Ilker"]
[Black "Brattain, Mika"]
[Result "0-1"]
[WhiteElo "2393"]
[BlackElo "2452"]
[PlyCount "96"]
[EventDate "2015.??.??"]

1. d4 Nf6 2. c4 g6 3. Nc3 Bg7 4. e4 d6 5. Nf3 O-O 6. Be2 Bg4 7. Be3 Nfd7 8. O-O
Nc6 9. d5 Bxf3 10. Bxf3 Na5 11. Be2 Bxc3 12. bxc3 e5 13. Qa4 b6 14. g3 Nb7 15.
Kh1 Nbc5 16. Qc2 Qe7 17. Rae1 f6 18. Bg4 h5 19. Bh3 Rae8 20. Rg1 Qh7 21. g4 g5
22. gxh5 Nxe4 23. Rg2 Re7 24. Reg1 Kh8 25. f3 Nec5 26. Bf5 Qh6 27. Bg6 e4 28.
fxe4 Ne5 29. Bf5 Nf3 30. Rg3 Nxg1 31. Kxg1 Rfe8 32. Bg6 Nxe4 33. Rf3 Nc5 34.
Bd4 Re1+ 35. Rf1 Rxf1+ 36. Kxf1 Rf8 37. Qf5 Qg7 38. Kg2 Nd7 39. Qf1 Ne5 40. Bf5
Qh6 41. Qe2 g4 42. h3 gxh3+ 43. Bxh3 Rg8+ 44. Kh1 Qc1+ 45. Kh2 Qf4+ 46. Kh1 Qh4
47. Qf1 Rg3 48. Kh2 Ng4+ 0-1

[Event "USCL Week 7"]
[Site "Internet Chess Club"]
[Date "2015.10.06"]
[Round "?"]
[White "Rubenchik, Rodion"]
[Black "Harris, Ian"]
[Result "0-1"]
[WhiteElo "2331"]
[BlackElo "2346"]
[PlyCount "70"]
[EventDate "2015.??.??"]

1. c4 g5 2. d4 Bg7 3. Nc3 g4 4. e4 c5 5. d5 d6 6. Bd3 h5 7. h3 Nf6 8. Bf4 Qa5
9. Bd2 Nbd7 10. f4 gxf3 11. Nxf3 h4 12. O-O Nh5 13. Ne2 Qa6 14. Bc3 Ne5 15.
Nxh4 Bd7 16. Nf3 O-O-O 17. a4 Rdg8 18. Kh2 Nf6 19. Nxe5 dxe5 20. Rf3 Bh6 21.
Kg1 Rg5 22. Bd2 Rg6 23. Bxh6 Rhxh6 24. Kf2 Rh4 25. Qc2 Nh7 26. Rg1 Ng5 27. Rg3
Bxa4 28. b3 Bd7 29. Nc3 Bxh3 30. gxh3 Nxh3+ 31. Rxh3 Rxh3 32. Rxg6 Qxg6 33. Ne2
Rh2+ 34. Ke1 Qg5 35. Qd2 Rh1+ 0-1

[Event "USCL Week 7"]
[Site "Internet Chess Club"]
[Date "2015.10.06"]
[Round "?"]
[White "Yanovsky, Vlad"]
[Black "Perdomo, Carlos"]
[Result "0-1"]
[WhiteElo "2229"]
[BlackElo "2350"]
[PlyCount "58"]
[EventDate "2015.??.??"]

1. e4 c5 2. Nf3 e6 3. d4 cxd4 4. Nxd4 a6 5. Bd3 Bc5 6. Nb3 Be7 7. Qg4 g6 8. a4
Nc6 9. Qe2 Ne5 10. O-O Nf6 11. a5 O-O 12. Na3 d5 13. Bh6 Re8 14. exd5 Nxd3 15.
d6 Bxd6 16. cxd3 Nd5 17. g3 b5 18. axb6 Nxb6 19. Nc4 Be7 20. Nba5 Bd7 21. Ne5
Bf6 22. Rfc1 Bb5 23. Nac6 Qd5 24. Ng4 Bh8 25. Nce5 f5 26. Qe3 fxg4 27. Rc5 Qd6
28. Qf4 Rf8 29. Bxf8 Rxf8 0-1

[Event "USCL Week 7"]
[Site "Internet Chess Club"]
[Date "2015.10.06"]
[Round "?"]
[White "Wang, Steve"]
[Black "Sage, Tim"]
[Result "1-0"]
[WhiteElo "2233"]
[BlackElo "2183"]
[PlyCount "101"]
[EventDate "2015.??.??"]

1. d4 Nf6 2. Nf3 e6 3. c4 d5 4. g3 Be7 5. Bg2 O-O 6. O-O dxc4 7. Qa4 a6 8. Qxc4
b5 9. Qc2 Bb7 10. Bf4 Nc6 11. Rd1 Nb4 12. Qc1 Rc8 13. Nc3 Nbd5 14. a3 c5 15.
Nxd5 Bxd5 16. dxc5 Bxc5 17. Qb1 Qb6 18. e3 Qb7 19. Ne1 h6 20. Be5 Bxg2 21. Nxg2
Ng4 22. Bc3 Qf3 23. Rd2 e5 24. h3 Nf6 25. Bxe5 Ne4 26. Rc2 Qf5 27. Bf4 Qxh3 28.
b4 g5 29. bxc5 gxf4 30. Nxf4 Qf5 31. c6 Ng5 32. Rc1 Qe5 33. Qc2 Rfd8 34. Rd1
Rd6 35. Rxd6 Qxd6 36. Rc1 Nf3+ 37. Kg2 Ne5 38. c7 Nc4 39. Qf5 Rxc7 40. Qg4+ Kf8
41. Rd1 Qc6+ 42. Kg1 Rc8 43. Nh5 Re8 44. Qg7+ Ke7 45. Qd4 Rc8 46. Ng7 Qc5 47.
Qd7+ Kf6 48. Ne8+ Ke5 49. Qxf7 Rc6 50. Qf4+ Ke6 51. Qf6# 1-0

[Event "USCL Week 7"]
[Site "Internet Chess Club"]
[Date "2015.10.06"]
[Round "?"]
[White "Vazquez, Guillermo"]
[Black "Kiewra, Keaton"]
[Result "1-0"]
[WhiteElo "2546"]
[BlackElo "2518"]
[PlyCount "51"]
[EventDate "2015.??.??"]

1. e4 c5 2. Nf3 d6 3. d4 Nf6 4. dxc5 Qa5+ 5. Nc3 Nxe4 6. cxd6 Nxc3 7. bxc3 exd6
8. Bd3 Be7 9. O-O O-O 10. Rb1 Nd7 11. Re1 Bf6 12. Ng5 g6 13. Ne4 Be7 14. Bh6
Rd8 15. Bc4 Ne5 16. Bd5 Qc7 17. Qd4 Kh8 18. f4 f6 19. fxe5 dxe5 20. Qd3 f5 21.
Nf2 Bf6 22. c4 Rb8 23. Qe3 b5 24. Bg5 Bxg5 25. Qxg5 Rb6 26. Rxb5 1-0

[Event "USCL Week 7"]
[Site "Internet Chess Club"]
[Date "2015.10.06"]
[Round "?"]
[White "Nagle, Sean"]
[Black "Wheeler, Cameron"]
[Result "1/2-1/2"]
[WhiteElo "2542"]
[BlackElo "2425"]
[PlyCount "63"]
[EventDate "2015.??.??"]

1. c4 e5 2. Nc3 Nc6 3. Nf3 g6 4. d4 exd4 5. Nxd4 Bg7 6. Nxc6 bxc6 7. g3 Ne7 8.
Bg2 O-O 9. O-O d6 10. Qc2 Be6 11. b3 Nf5 12. Bb2 Rb8 13. e3 c5 14. Rfd1 Qe7 15.
Nd5 Bxd5 16. Bxd5 Rfe8 17. Bxg7 Nxg7 18. Qc3 Rb6 19. Qa5 c6 20. Bg2 Reb8 21.
Rd3 Ne8 22. Rad1 Qb7 23. Rxd6 Nxd6 24. Rxd6 Ra6 25. Qxc5 Rxa2 26. Qd4 Qxb3 27.
Rd8+ Rxd8 28. Qxd8+ Kg7 29. Qd4+ Kg8 30. Qd8+ Kg7 31. Qd4+ Kg8 32. Qd8+ 1/2-1/2

[Event "USCL Week 7"]
[Site "Internet Chess Club"]
[Date "2015.10.06"]
[Round "?"]
[White "Haskel, Jeffrey"]
[Black "Corallo, Michael"]
[Result "1-0"]
[WhiteElo "2355"]
[BlackElo "2359"]
[PlyCount "103"]
[EventDate "2015.??.??"]

1. e4 e5 2. Nc3 Nf6 3. g3 Bc5 4. Bg2 d6 5. Nge2 Nc6 6. d3 a6 7. O-O h5 8. Bg5
Be6 9. Nd5 Bxd5 10. exd5 Ne7 11. d4 exd4 12. Nxd4 Qd7 13. Re1 O-O-O 14. Qd3 Ng6
15. Nc6 Rde8 16. b4 Bb6 17. Bxf6 gxf6 18. a4 Ne5 19. Rxe5 Rxe5 20. a5 Bxf2+ 21.
Kxf2 bxc6 22. Qxa6+ Kd8 23. Qa8+ Qc8 24. Qxc8+ Kxc8 25. dxc6 Kb8 26. c4 Rhe8
27. Bf3 Re3 28. b5 Rb3 29. Bd5 Re5 30. Bxf7 Rb2+ 31. Kg1 Ree2 32. Bd5 Ra2 33.
Rxa2 Rxa2 34. Bf7 Rxa5 35. Bxh5 d5 36. cxd5 Rxb5 37. Bf7 Kc8 38. h4 Kd8 39. Kg2
Ke7 40. Be6 Rb4 41. Kf3 Kd6 42. g4 Ke5 43. g5 Rb3+ 44. Kf2 Rb2+ 45. Kf3 Rb3+
46. Kf2 fxg5 47. hxg5 Kf4 48. g6 Rb2+ 49. Ke1 Ke3 50. Kd1 Rd2+ 51. Kc1 Rg2 52.
d6 1-0

[Event "USCL Week 7"]
[Site "Internet Chess Club"]
[Date "2015.10.06"]
[Round "?"]
[White "Naroditsky, Daniel"]
[Black "So, Wesley"]
[Result "0-1"]
[WhiteElo "2711"]
[BlackElo "2847"]
[PlyCount "66"]
[EventDate "2015.??.??"]

1. e4 e6 2. d4 d5 3. Nd2 Be7 4. Ngf3 Nf6 5. e5 Nfd7 6. Bd3 c5 7. c3 Nc6 8. O-O
a5 9. Re1 cxd4 10. cxd4 Qb6 11. a4 Nxd4 12. Nxd4 Qxd4 13. Nf3 Qb6 14. Be3 Nc5
15. Bb5+ Bd7 16. Nd4 Bxb5 17. Nxb5 O-O 18. Qg4 Rfc8 19. Bd4 Qa6 20. Nd6 Nb3 21.
Nxc8 Rxc8 22. Rad1 Qc4 23. h3 h5 24. Qf4 Qxa4 25. Rd3 Qb4 26. Rb1 Rc7 27. Qe3
a4 28. Bc3 Qe4 29. Qxe4 dxe4 30. Re3 b5 31. Rd1 Rc4 32. Be1 b4 33. Rd7 Bg5 0-1

[Event "USCL Week 7"]
[Site "Internet Chess Club"]
[Date "2015.10.06"]
[Round "?"]
[White "Vigorito, David"]
[Black "Schroer, Jonathan"]
[Result "1-0"]
[WhiteElo "2511"]
[BlackElo "2427"]
[PlyCount "151"]
[EventDate "2015.??.??"]

1. c4 c6 2. Nf3 d5 3. g3 Nf6 4. Bg2 Bf5 5. O-O e6 6. b3 Nbd7 7. Bb2 Be7 8. d3
h6 9. Nbd2 O-O 10. Qc2 Bh7 11. Bc3 a5 12. a3 b5 13. cxb5 cxb5 14. b4 Qc7 15.
Qb2 Nb6 16. Be5 Qb7 17. Nb3 Na4 18. Qd4 axb4 19. axb4 Rfc8 20. Rfc1 Ne8 21. Bh3
Bf8 22. Qf4 Qe7 23. Nc5 Nxc5 24. Rxa8 Rxa8 25. bxc5 Rc8 26. c6 g5 27. Qe3 Qa3
28. Nd4 Bc5 29. Qd2 Bxd4 30. Bxd4 Qd6 31. f4 gxf4 32. Qxf4 Qxf4 33. gxf4 b4 34.
Kf2 Bf5 35. Bxf5 exf5 36. Ke3 f6 37. Rc5 Kf7 38. Rxd5 Ke6 39. Rc5 Nc7 40. Kd2
Nd5 41. e4 fxe4 42. dxe4 Nxf4 43. Rf5 Rd8 44. Ke3 Ng2+ 45. Kd3 b3 46. Rxf6+ Ke7
47. Rf2 Ne1+ 48. Kc4 Kd6 49. Rf6+ Ke7 50. Rf1 Nc2 51. Bf6+ Ke6 52. Kxb3 Ne3 53.
Bxd8 Nxf1 54. Kc4 Nd2+ 55. Kd3 Nf3 56. Bc7 h5 57. Bf4 h4 58. Ke3 Ne1 59. c7 Kd7
60. Be5 h3 61. Bg3 Nc2+ 62. Kf3 Nd4+ 63. Kg4 Ne6 64. Be5 Nc5 65. Kf5 Nb3 66.
Bf4 Nc5 67. Bg3 Na6 68. Kf6 Nc5 69. Kf5 Nb3 70. Bd6 Nd4+ 71. Kg4 Nb5 72. e5
Nxc7 73. Bxc7 Kxc7 74. Kf5 Kd7 75. Kf6 Ke8 76. Ke6 1-0

[Event "USCL Week 7"]
[Site "Internet Chess Club"]
[Date "2015.10.06"]
[Round "?"]
[White "Hobosyan, Mkhitar"]
[Black "Xia, Brandon"]
[Result "1-0"]
[WhiteElo "1930"]
[BlackElo "2029"]
[PlyCount "83"]
[EventDate "2015.??.??"]

1. d4 d5 2. Nf3 Nf6 3. Bf4 e6 4. e3 Bd6 5. Bg3 b6 6. Bd3 Bb7 7. Nbd2 O-O 8. Qe2
c5 9. c3 Nc6 10. Ne5 Rc8 11. Ndf3 Ne4 12. Nxc6 Rxc6 13. Bxd6 Qxd6 14. Ne5 Rc7
15. f3 Nf6 16. O-O Nd7 17. f4 f5 18. g4 Qe7 19. gxf5 exf5 20. Rf2 Qe6 21. Raf1
Nf6 22. Rg2 Ne4 23. Kh1 Kh8 24. Rfg1 Qh6 25. Bxe4 dxe4 26. dxc5 bxc5 27. Rg5 g6
28. c4 Rd8 29. b3 Qg7 30. Nxg6+ hxg6 31. Rxg6 Qh7 32. R1g5 Rcd7 33. Qb2+ Rd4
34. exd4 Rxd4 35. Kg1 e3 36. b4 Qg7 37. Qe2 Rd7 38. Rxg7 Rxg7 39. Qh5+ Kg8 40.
Qe8+ Kh7 41. Rxg7+ Kxg7 42. Qe7+ 1-0

[Event "USCL Week 7"]
[Site "Internet Chess Club"]
[Date "2015.10.06"]
[Round "?"]
[White "Jensen, Matt"]
[Black "Taghizadeh, Rayan"]
[Result "0-1"]
[WhiteElo "2199"]
[BlackElo "2245"]
[PlyCount "110"]
[EventDate "2015.??.??"]

1. d4 Nf6 2. c4 e6 3. g3 d5 4. Nf3 Nc6 5. Bg2 dxc4 6. O-O Rb8 7. e3 b5 8. Qe2
Bb7 9. Rd1 Nb4 10. a4 Be4 11. Ne1 Bxg2 12. Kxg2 a6 13. e4 Be7 14. Nc3 O-O 15.
Bf4 Ne8 16. axb5 axb5 17. Ra5 c6 18. Ra7 Bd6 19. Be3 Ra8 20. Rxa8 Qxa8 21. Nf3
Nc7 22. Bg5 Qe8 23. Be3 Qd7 24. h4 f5 25. Ne5 Qe8 26. Bf4 Qd8 27. f3 Bxe5 28.
dxe5 Nd3 29. Bg5 Qe8 30. b3 Qg6 31. bxc4 bxc4 32. exf5 exf5 33. Kh2 Qe6 34. Bf4
Rb8 35. Rd2 Rb3 36. Rc2 Nd5 37. Nxd5 cxd5 38. Ra2 h6 39. h5 d4 40. Kh3 Rb8 41.
Qd2 Nxf4+ 42. Qxf4 c3 43. Rg2 d3 44. g4 fxg4+ 45. Rxg4 c2 46. Kg3 Rc8 47. Rg6
Qxg6+ 48. hxg6 c1=Q 49. Qf7+ Kh8 50. e6 Qg5+ 51. Kh3 Qd8 52. e7 Qe8 53. Qf5 d2
54. Qd5 Qxe7 55. Qxd2 Qe6+ 0-1

[Event "USCL Week 7"]
[Site "Internet Chess Club"]
[Date "2015.10.06"]
[Round "?"]
[White "Critelli, James"]
[Black "Mattson, Dane"]
[Result "1-0"]
[WhiteElo "2376"]
[BlackElo "2261"]
[PlyCount "117"]
[EventDate "2015.??.??"]

1. e4 e6 2. b3 b6 3. Bb2 Bb7 4. Qe2 Nf6 5. Nc3 Bb4 6. e5 Bxc3 7. dxc3 Ne4 8.
Nh3 Qh4 9. O-O-O Nc5 10. f4 Nc6 11. g3 Qe7 12. Bg2 O-O-O 13. c4 Kb8 14. Rhe1 h6
15. Rf1 Rhe8 16. Qh5 Rf8 17. Rf2 Rh8 18. f5 exf5 19. Qxf5 Rhf8 20. Bd5 Ne6 21.
Kb1 Rde8 22. Re2 Qc5 23. Qg4 Qe7 24. Nf2 Ng5 25. h4 f5 26. exf6 Qxe2 27. Qxe2
Rxe2 28. fxg7 Rexf2 29. hxg5 hxg5 30. Bc1 Re8 31. g8=Q Rxg8 32. Bxg8 Rf8 33.
Bh7 Rf7 34. Bg6 Rg7 35. Bf5 d6 36. Rh1 a5 37. Rh8+ Ka7 38. g4 Ne5 39. Bb2 Re7
40. Rg8 Nf3 41. Bf6 Re1+ 42. Kb2 Be4 43. Rg7 Bxf5 44. gxf5 Nh4 45. Rxc7+ Kb8
46. Rc6 Nxf5 47. Rxb6+ Kc7 48. Rb5 Ne3 49. Bxg5 Nd1+ 50. Ka3 a4 51. Bf4 Nc3 52.
Rf5 axb3 53. axb3 Ne4 54. c5 Ra1+ 55. Kb2 Rd1 56. cxd6+ Kc6 57. Rf7 Rd5 58.
Rc7+ Kb6 59. Be3+ 1-0

[Event "USCL Week 7"]
[Site "Internet Chess Club"]
[Date "2015.10.06"]
[Round "?"]
[White "Morshedi, Ali"]
[Black "Ruiz, Joshua"]
[Result "1/2-1/2"]
[WhiteElo "2328"]
[BlackElo "2491"]
[PlyCount "90"]
[EventDate "2015.??.??"]

1. c4 c5 2. Nc3 Nc6 3. g3 g6 4. Bg2 Bg7 5. Nf3 e6 6. d3 Nge7 7. Bg5 h6 8. Bd2
O-O 9. Rb1 d6 10. a3 b6 11. Qc1 g5 12. h4 g4 13. Nh2 h5 14. Bh6 Bb7 15. Bxg7
Kxg7 16. Qg5+ Ng6 17. Qxh5 f5 18. f4 Qd7 19. Nxg4 fxg4 20. Qxg4 Kf7 21. Ne4 Rg8
22. O-O Nd4 23. h5 Ne7 24. Ng5+ Ke8 25. e4 Kd8 26. Bh3 Kc7 27. h6 Rg6 28. h7
Rh8 29. Qh5 Qe8 30. f5 exf5 31. exf5 Rxg5 32. Qxg5 Rxh7 33. Rbe1 Qd7 34. Re3
Rxh3 35. Rxe7 Rxg3+ 36. Qxg3 Qxe7 37. f6 Ne2+ 38. Kf2 Qxf6+ 39. Kxe2 Qxb2+ 40.
Ke3 Qd4+ 41. Kd2 Qb2+ 42. Ke1 Qc3+ 43. Kf2 Qb2+ 44. Ke1 Qc3+ 45. Kf2 Qb2+
1/2-1/2

[Event "USCL Week 7"]
[Site "Internet Chess Club"]
[Date "2015.10.06"]
[Round "?"]
[White "Chirila, Cristian"]
[Black "Kovalyov, Anton"]
[Result "1/2-1/2"]
[WhiteElo "2616"]
[BlackElo "2702"]
[PlyCount "118"]
[EventDate "2015.??.??"]

1. d4 Nf6 2. c4 e6 3. Nc3 Bb4 4. f3 c5 5. d5 O-O 6. e4 d6 7. Bd3 b5 8. Bg5 h6
9. Bh4 exd5 10. cxd5 Nbd7 11. Nge2 a6 12. O-O Ne5 13. h3 Ng6 14. Bf2 Bd7 15. g4
Ba5 16. a3 Bb6 17. Qd2 Ne5 18. Kg2 Re8 19. Ng3 b4 20. axb4 cxb4 21. Nce2 Bxf2
22. Rxf2 Qb6 23. f4 Nxd3 24. Qxd3 Bb5 25. Qf3 Nxd5 26. g5 Ne3+ 27. Kh2 d5 28.
e5 hxg5 29. fxg5 Ra7 30. Qf4 Nc4 31. Qd4 Rxe5 32. b3 Qxd4 33. Nxd4 Nd6 34. h4
Be8 35. Ra5 Nb7 36. Ra1 Nc5 37. Rc2 Ne6 38. Ndf5 Bd7 39. Ra5 Kf8 40. Rf2 Nd8
41. h5 Nc6 42. Rc5 Kg8 43. h6 g6 44. Nd6 Nd8 45. Rd2 Ne6 46. Rdxd5 Rxd5 47.
Rxd5 Bc6 48. Ra5 f5 49. gxf6 Rh7 50. Rxa6 Rxh6+ 51. Kg1 Bd5 52. Rb6 Rh4 53. f7+
Kh7 54. Ndf5 gxf5 55. Rxe6 Kg7 56. Rd6 Rg4 57. Rxd5 Rxg3+ 58. Kf2 Rxb3 59. Rxf5
Kf8 1/2-1/2